LDR 00857naa#a2200193#i#450# 001 EN\\bibl\121791 005 20260501125145.5 011 ## _a1998-8990 100 ## _a20260423b2026####ek#y0engy0150####ca 102 ## _aRU 200 1# _aDIAGNOSTICS OF EMISSION CHARACTERSTICS OF VEHICLES DIESEL ENGINES WHEN MONITORING THE TECHNICAL CONDITION UNDER UNSTEADY LOAD _eJournal article 210 1# _aSaint-Petersburg _cSaint-Petersburg University of State Fire Service of Emercom of Russia _d2026 215 ## _a10 с. 608 ## _aJournal article _2local 675 ## _aДизели. Двигатели с воспламенением от сжатия. 621.436 _aЗагрязнение атмосферы. Загрязнение воздуха. 504.3.054 _z 700 #1 _aSavelyev _gAnatoly P. 700 #1 _aShkrabak _gVladimir S. 700 #1 _aShkrabak _gRoman V. 856 4# _ajournals.igps.ru _u